000 00539nam a2200181Ia 4500
003 GCL
008 140319s9999 xx 000 0 eng d
040 _aGCL /
_cGCL
082 0 4 _a338.4791
_bO O
100 1 _aORGANIZATION FOR ECONOMIC COOPERATION
245 1 0 _aOECD TOURISM STATISTICS: DESIGN AND APPLICATION FOR POLICY /
_cORGANIZATION FOR ECONOMIC COOPERATION
260 _a[S.N] :
_bO E C D ،
_c1996
300 _a96 P
650 0 4 _aTOURISM
650 0 4 _aTOURISM - ECONOMICS
650 0 4 _aTOURISM - STATISTICS
942 _2ddc
_cBK
999 _c14967
_d14967